000 00828nam a22002057a 4500
005 20240814174528.0
008 s2525 th tha d
040 _aNALT
041 _atha
100 0 _aไพจิตร ปุญญพันธุ์
245 1 0 _aคำอธิบายประมวลกฎหมายแพ่งและพาณิชย์ว่าด้วย ขายฝาก [3rd]
260 3 _aกรุงเทพฯ :
_bนิติบรรณการ,
_c2525
300 _a216 หน้า ;
_b 26 ซม.
650 0 4 _aกฎหมายแพ่งและพาณิชย์ -- ขายฝาก
650 0 4 _aขายฝาก
850 _aNALT
942 _cLB
_2lcc
999 _c17939
_d17939
998 _j25
_k นีลวัสน์ อินทรักษา
090 _aKS38 พ973ค 2525